000 00767cam a2200229 i 4500
005 20180817110025.0
010 _aB-701331
020 _a9789386106759
_c125.00
035 _aB-701331
037 _aDBAD
_bdpl
082 0 4 _aS
100 1 _aAuntie, Kimmie
245 1 0 _aJoin our earth club!! /
_cby Kimmie auntie :illustrsted by Ayesh Shadr [and] Ishan Dasgupta
260 _aGurgaon
_bScholastic
_c2016
270 _aA-27,Ground floor, Sigma Centre, Inficity-1, Sector-34,
_bGurgaon
_e122001
300 2 _av.p. :
_billustrations ;
_c21 cm (pbk)
490 _aYhe best me!
_vEnvironment
700 _a Ayeshe Shadr
700 _aDasgupta, Ishan .
942 _2ddc
_cCH
_hS
_mAUN
999 _c155981
_d155981